000 00814nam a2200241 i 4500
001 88951
003 ES-MaACL
005 20250822062549.0
007 t|
008 050113s1964 fr ||||1| fre d
080 _a519.237.7
080 _a159.9
100 1 _aReuchlin, Maurice.
_996372
245 1 0 _aMéthodes d'analyse factorielle a l'usage des psychologues /
_cpar Maurice Reuchlin.
260 _aParis :
_bPresses universitaires de France,
_c1964.
300 _a418 p. ;
_c22 cm.
490 1 _aBibliothèque scientifique internationale. Section psychologie
650 1 4 _aAnálisis factorial.
_99768
650 1 7 _aPsicología
_2embne
_916540
830 0 _aBibliothèque scientifique internationale. Section psychologie
_9231856
852 _aES-MaACL
_jE-10797
_bR.135150
999 _c88951
_d88951